=LDR 00000nam 2200000 4500 =001 INLIS000000000036587 =005 20130612142350 =008 ***********************************Ind** =035 ##$$a0010-061300000036587 =041 ##$$a Ind =082 ##$$a 398.9 =090 ##$$a 398.9, Kri d =100 ##$$a Krisianto, Andy =245 ##$$a 888 english poverbs, cara pintar kuasa perbahasa inggris yang sering digunakan, Andy Krisianto =260 ##$$a 2011 $b Yogyakarta =300 ##$$a 104 hlm, 20 cm =650 ##$$a Peribahasa =850 ##$$a NBPNMAT =990 ##$$a 0001/BPAP-NTB/20142014